| Tag |
First Indicator |
Second Indicator |
Subfields |
| LEADER |
00000cam a2200000 4500 |
| 001 |
in00001965331 |
| 006 |
m | d | |
| 007 |
cr |n||||||||n |
| 008 |
830106s1742 xxu|||| s 00| | ger d |
| 005 |
20260406212831.4 |
| 035 |
|
|
|a (CStRLIN)ESTCW6911
|
| 040 |
|
|
|a MWA
|c MWA
|d Uk-ES
|d CStRLIN
|d Thomson Gale
|d UtOrBLW
|
| 245 |
0 |
0 |
|a Kurzer Catechismus vor etliche Gemeinen Jesu aus der Reformirten Religion in Pennsylvania, die sich zum alten Berner Synodo halten :
|b herausgegeben von Johannes Bechteln, Diener des Worts Gottes.
|
| 264 |
|
1 |
|a Philadelphia :
|b Gedruckt bey Benjamin Franklin,
|c 1742.
|
| 300 |
|
|
|a 42, 2 unnumbered pages ;
|c 12⁰.
|
| 336 |
|
|
|a text
|b txt
|2 rdacontent
|
| 337 |
|
|
|a computer
|b c
|2 rdamedia
|
| 338 |
|
|
|a online resource
|b cr
|2 rdacarrier
|
| 500 |
|
|
|a Compiled by Count Zinzendorf and prepared for the press by Johannes Bechtel. Cf. Miller.
|
| 500 |
|
|
|a "Zu haben in Philadelphia bey Stephan Bennezet. In Germantown bey Bechteln. In Falckner Schwamm bey H. Antes. In Oley bey Johannes Leimbach dem Aeltern. In Lancaster Town bey Daniel Maquenet. In Schippach bey G. Merckeln. In Socken bey Jacob Bachmann. In den Forks bey Eyseck."--verso of title page.
|
| 500 |
|
|
|a Printed in roman type. Reprinted in Germany with the same title and imprint, and with the same list of booksellers on verso of title page. The German edition may be identified by the fraktur type and by the spellings 'Kurzer' as 'Kurtzer' and 'Franklin' as 'Francklin'. Cf. Miller entries 309-310.
|
| 500 |
|
|
|a Reproduction of original from the British Library.
|
| 510 |
4 |
|
|a Evans,
|c 4889
|
| 510 |
4 |
|
|a Hildeburn, C.R. Pennsylvania,
|c 750
|
| 510 |
4 |
|
|a Miller, C.W. Franklin,
|c 309
|
| 510 |
4 |
|
|a Sabin,
|c 4223
|
| 510 |
4 |
|
|a English Short Title Catalog,
|c ESTCW6911.
|
| 533 |
|
|
|a Electronic reproduction.
|b Farmington Hills, Mich. :
|c Thomson Gale,
|d 2003.
|n Available via the World Wide Web.
|n Access limited by licensing agreements
|7 s2003 miunns
|
| 500 |
|
|
|a Electronic resource.
|
| 830 |
|
0 |
|a Eighteenth century collections online.
|
| 856 |
4 |
0 |
|u http://proxy.library.tamu.edu/login?url=https://galenet.galegroup.com/servlet/ECCO?c=1&stp=Author&ste=11&af=BN&ae=W006911&tiPG=1&dd=0&dc=flc&docNum=CW119875500&vrsn=1.0&srchtp=a&d4=0.33&n=10&SU=0LRF&locID=txshracd2898
|z Full text online
|t 0
|
| 999 |
|
|
|a MARS
|
| 999 |
f |
f |
|s 7d06d776-a7b8-33d5-a461-7db6585a6986
|i 072056ec-67a8-3f5e-9b4c-febec279b3f8
|t 0
|
| 952 |
f |
f |
|a Texas A&M University
|b College Station
|c Electronic Resources
|s www_evans
|d Available Online
|t 0
|h No information provided
|
| 998 |
f |
f |
|t 0
|l Available Online
|